|
|
|
|
| LEADER |
00905nam a2200229 a 4500 |
| 001 |
206629 |
| 008 |
090621s1999 enka b 001 0 eng d |
| 010 |
|
|
|a 99071358
|
| 020 |
|
|
|a 8170368839
|
| 020 |
|
|
|a 8170368847
|
| 040 |
|
|
|a DLC
|c DLC
|d DLC
|
| 082 |
0 |
0 |
|a 658.8
|2 21
|
| 100 |
1 |
|
|a Chaston, Ian.
|
| 245 |
1 |
0 |
|a New marketing strategies :
|b evolving flexible processes to fit market circumstances /
|c Ian Chaston.
|
| 260 |
|
|
|a London;
|a New Delhi :
|b Thousand Oaks, Calif. ;
|b Sage Publications;
|b
|b Response Books,
|c 1999.
|
| 300 |
|
|
|a vii, 199 p. :
|b ill. ;
|c 24 cm.
|
| 504 |
|
|
|a Includes bibliographical references and index.
|
| 541 |
1 |
|
|e 00011624
|
| 650 |
|
0 |
|a Marketing
|x Management.
|
| 852 |
4 |
|
|a Ayesha Abed Library
|j General Shelf.
|
| 999 |
|
|
|c 1845
|d 1845
|
| 952 |
|
|
|0 0
|1 0
|2 ddc
|4 0
|6 658_800000000000000_CHA
|7 0
|9 1688
|a BRACUL
|b BRACUL
|c GEN
|d 2009-06-29
|g 514.00
|l 0
|o 658.8 CHA
|p 3010011624
|r 2019-04-03
|t 1
|w 2009-06-29
|y BK
|